| 000 | 00836nac a22002531u 4500 | ||
|---|---|---|---|
| 020 | _a9780444876126 : | ||
| 020 | _a9780444876126 : | ||
| 082 | 0 | 0 |
_a336 _bHAN |
| 090 |
_c9134 _d9134 |
||
| 100 | _a20080729 | ||
| 245 | 0 | 0 |
_aHandbook of public economics / _cedited by Alan J. Auerbach and Martin Feldstein. |
| 260 |
_aAmsterdam ; _aNew York : _bElsevier,1985. _cc1985. |
||
| 300 |
_a484 p. ; _c25 cm. _bill.; |
||
| 490 | 1 |
_aHandbooks in economics, _v1; |
|
| 500 | _aDistributer: Bacca | ||
| 504 | _aIncludes bibliographical references and indexes. | ||
| 511 | _aCatalogued by: Sara | ||
| 650 | 0 | _aFinance, Public. | |
| 650 | 0 | _aWelfare economics. | |
| 700 | 1 | _aAuerbach, Alan J. | |
| 700 | 1 | _aFeldstein, Martin S. | |
| 830 | 0 | _aHandbooks in economics ; | |
| 942 |
_cNB _k336HAN |
||
| 999 |
_c9134 _d9134 |
||